00869nam a22002537a 45000010005000000030006000050050017000110080041000280200018000690400029000870500021001160820012001371000019001492450034001682600057002023000054002594900059003135050008003725200115003805210029004955210020005246500036005447000035005809929FISKH20260317104849.0260317b cb ||||| |||| 00| 0 eng d a9780736856881 aFISKHbengcFISKHdFISKH aQE862 .O65 .C614 a567.914 aCohen , Daniel aIguanodon /cby Daniel Cohen  aMankato , Minnesota : bBridgestone Books , c2003 . a24 pages : bcolor illustrations ;c20 X 20 cm .  aThe Bridgestone Science Library: Discovering Dinosaurs aH  aDescribes what is known of the physical characteristics, behavior, and habitat of this plant-eating dinosaur. 8 a450 bLexile estimate 8 aH bRaz-Plus  aIguanodonvJuvenile Literature  aBreithaupt , BrenteConsultant